| 000 | 00488nam a22001817a 4500 | ||
|---|---|---|---|
| 005 | 20170817155628.0 | ||
| 010 | _aENG-119715 | ||
| 020 | _c300.00 | ||
| 035 | _aEN-103247 | ||
| 037 | _bDBAD/PUB | ||
| 082 | _a230.2 | ||
| 245 | _aThe Hindu speaks on religious values / | ||
| 260 |
_aChennai _bKasturi & Sons Ltd. _c2017 |
||
| 270 |
_a859-860, Anna Salai _bChennai _e600002 |
||
| 300 |
_axxi,747p. _c21cm |
||
| 500 | _aIncludes index | ||
| 942 |
_2ddc _cEN _h230.2 _mTHE |
||
| 999 |
_c143512 _d143512 |
||